000 00385nam a2200157Ia 4500
005 20240807061856.0
008 240806s9999||||xx |||||||||||||| ||eng||
041 _aeng
082 _a891.4309
_bTRIA
100 _aTripathi, Vishwanath
245 0 _aAlochak ka samajik dayitva /
_cTripathi, Vishwanath
260 _bSahitya Bhandar
300 _a184p.
650 _aHindi
942 _cBK
999 _c1651
_d1651